00525 2200181 4500001002100000005001500021035002000036245006100056100001900117250001700136300003200153260004400185082001300229084001900242020002200261650002900283500003100312INLIS00000000000072720241010091913 a0010-10240000201 aTernak Ayam Petelur di Kandang Baterai /cSuparman Pedro0 aSuparman Pedro aCetakan ke-1 aiv, 80 hlm :bIlus ;c21 cm aDemak :bDharma Utama Publishing,c2006 a636.5142 a636.5142 SUP t a978-979-1212-01-5 4aPeternakan hewan petelur aSeri Keterampilan Beternak